000 00675nam a2200241Ia 4500
008 160319s9999 xx 000 0 und d
020 _a0-59049192x
050 _a418.4
050 _b.L775c 1996
100 _aHamilton, Virginia
245 _aCityscapes:
245 _bCommunity involvement: Literacy sourcebook /
245 _c[Linda Gambrell, Virginia Hamilton, et. al.].
260 _aNew York :
260 _bScholastic, Inc.
260 _c1996
300 _a144 pages ;
300 _billustrations ;
300 _c30 cm.
440 _a Scholastic literacy place., grade 5.
650 _aLanguage arts (Elementary)
650 _aReading (Elementary)
999 _c291988
_d291988